В. И. Ленин: Краткий биографический очерк: для системы партийной учебы

Бібліографічні деталі
Співавтор: Институт марксизма-ленинизма (ИМЛ)
Інші автори: Совокин А. М. (редактор)
Мова:Російська
Опубліковано: Москва, Политиздат, 1984
Редагування:10-е изд.
Предмети:
Формат: MixedMaterials Книга
KOHA link:https://koha.lib.tpu.ru/cgi-bin/koha/opac-detail.pl?biblionumber=292626

MARC

LEADER 00000nam0a2200000 4500
001 292626
005 20260425071717.0
035 |a (RuTPU)RU\TPU\book\317262 
090 |a 292626 
100 |a 20150423d1984 m y0rusy50 ca 
101 0 |a rus 
102 |a RU 
105 |a ac z 000zb 
200 1 |a В. И. Ленин: Краткий биографический очерк  |e для системы партийной учебы 
205 |a 10-е изд. 
210 |a Москва  |c Политиздат  |d 1984 
215 |a 159 с.  |c ил. 
600 1 |a Ленин  |b В. И.  |c настоящая фамилия Ульянов  |c российский политический деятель  |f 1870-1924  |g Владимир Ильич  |2 stltpush  |3 (RuTPU)RU\TPU\pers\1074  |9 486 
606 |7 ca  |8 rus  |a Ленин В. И.  |x Жизнь и деятельность  |9 89215 
610 1 |a марксизм 
610 1 |a классики 
610 1 |a политические деятели 
610 1 |a государственные деятели 
610 1 |a жизнедеятельность 
610 1 |a вожди 
610 1 |a ленинские принципы 
610 1 |a персоналии 
686 |a Т3(2)6-8Ленин35  |2 rubbk 
702 1 |a Совокин  |b А. М.  |4 340 
712 0 2 |a Институт марксизма-ленинизма (ИМЛ)  |c (Москва)  |c (1956-1991)  |3 (RuTPU)RU\TPU\col\4702 
801 1 |a RU  |b 63413507  |c 20150423 
801 2 |a RU  |b 63413507  |c 20190201  |g RCR 
942 |c BK